| 000 | 00464nam a2200157Ia 4500 | ||
|---|---|---|---|
| 008 | 210716s2011 xx 000 0 und d | ||
| 020 | _a9788125942672 | ||
| 041 | _aeng | ||
| 082 | _a658.4012 NAGA | ||
| 100 | _aNag, A. | ||
| 245 |
_aStrategic management: analysis implementation control. _bAnalysis implementation control. |
||
| 250 | _a1 | ||
| 260 |
_aNew Delhi _bVikas Publishing House Pvt Ltd _c2011 |
||
| 300 | _axxii,609 | ||
| 650 | _aStrategic Management | ||
| 999 |
_c206937 _d206937 |
||